Statystyki dla Stacje Drogi Krzyżowej

Kliknij tutaj aby rozwiązać quiz!

Ogólne statystyki

  • Ten quiz został rozwiązany 84 razy
  • Średni wynik to 6 z 14

Statystyki odpowiedzi

Numer stacjiNazwa stacji% Poprawnych
IJezus skazany na śmierć
98%
IIJezus bierze krzyż na ramiona
52%
IIIJezus upada pod krzyżem po raz pierwszy
52%
VIIJezus upada pod krzyżem po raz drugi
44%
IVJezus spotyka swoją Matkę
42%
XIIJezus umiera na krzyżu
40%
XIJezus upada pod krzyżem po raz trzeci
40%
VSzymon z Cyreny pomaga nieść krzyż Jezusowi
40%
XIJezus przybity do krzyża
31%
XIIIJezus zdjęty z krzyża
31%
XJezus z szat obnażony
29%
XIVJezus złożony do grobu
25%
VIIIJezus pociesza płaczące niewiasty
21%
VIŚwięta Weronika ociera twarz Pana Jezusa
17%

Rozkład punktacji

Percentyl według liczby udzielonych odpowiedzi

Procent ludzi z każdym wynikiem

Twoja historia wyników

Nie rozwiązałeś tego quizu